Macroeconomics: principles and policy 2001 update / (Record no. 385)
[ view plain ]
| 000 -LEADER | |
|---|---|
| fixed length control field | 01426nam a22002057a 4500 |
| 005 - DATE AND TIME OF LATEST TRANSACTION | |
| control field | 20210414113905.0 |
| 008 - FIXED-LENGTH DATA ELEMENTS--GENERAL INFORMATION | |
| fixed length control field | 111213t xxu||||| |||| 00| 0 eng d |
| 020 ## - INTERNATIONAL STANDARD BOOK NUMBER | |
| International Standard Book Number | 0030268680 |
| 050 ## - LIBRARY OF CONGRESS CALL NUMBER | |
| Classification number | HB172.5.B38 |
| 100 ## - MAIN ENTRY--PERSONAL NAME | |
| Personal name | Baumol, Wiilaim J. |
| 245 ## - TITLE STATEMENT | |
| Title | Macroeconomics: principles and policy 2001 update / |
| Statement of responsibility, etc. | William J.Baumol and Alan S. Blinder |
| 250 ## - EDITION STATEMENT | |
| Edition statement | 8th ed. |
| 260 ## - PUBLICATION, DISTRIBUTION, ETC. | |
| Place of publication, distribution, etc. | New York: |
| Name of publisher, distributor, etc. | Harcourt; |
| Date of publication, distribution, etc. | 1999. |
| 300 ## - PHYSICAL DESCRIPTION | |
| Extent | xxix, 419 p. |
| Other physical details | ill; |
| Dimensions | 26cm. |
| 500 ## - GENERAL NOTE | |
| General note | Includes index. |
| 505 ## - FORMATTED CONTENTS NOTE | |
| Formatted contents note | Contents: What is economics -- The Use and misuse of graphs -- The Economy: Myth and reality -- Scarcity and choice: The Economic problems -- Supply and demand: An Initial look -- The Realm of macroeconomics -- The Goals of macroeconomic policy -- Income and spending: The Powerful consumer -- Demand side equilibrium: Unemployment or inflatioin? -- Change on the demand side: Multiplier analysis -- Supply side equilibrium: Unemployment and inflation -- Managing aggregate demand: Fiscal policy -- Money and the banking system -- Monetary policy and the national economy -- The Debate over monetary policy -- Deficits, monetary policy and growth -- The Phillips curve and economic growth -- International trade and comparative advantage -- The International monetary system: Order or disorder? -- Exchange rates and the macroeconomy -- Glossary. |
| 650 ## - SUBJECT ADDED ENTRY--TOPICAL TERM | |
| Topical term or geographic name entry element | Macroeconomics. |
| 700 ## - ADDED ENTRY--PERSONAL NAME | |
| Personal name | Blinder, Alan S. |
| 942 ## - ADDED ENTRY ELEMENTS (KOHA) | |
| Source of classification or shelving scheme | Library of Congress Classification |
| Koha item type | Books |
| Withdrawn status | Lost status | Source of classification or shelving scheme | Damaged status | Not for loan | Home library | Current library | Shelving location | Date acquired | Total Checkouts | Full call number | Barcode | Date last seen | Copy number | Price effective from | Koha item type |
|---|---|---|---|---|---|---|---|---|---|---|---|---|---|---|---|
| Library of Congress Classification | WISCONSIN INTERNATIONAL UNIVERSITY COLLEGE, GHANA - MAIN LIBRARY | WISCONSIN INTERNATIONAL UNIVERSITY COLLEGE, GHANA - MAIN LIBRARY | General Stacks | 13/12/2011 | HB172.5.B38 | 982/11 | 13/12/2011 | 1 | 13/12/2011 | Books | |||||
| Library of Congress Classification | WISCONSIN INTERNATIONAL UNIVERSITY COLLEGE, GHANA - MAIN LIBRARY | WISCONSIN INTERNATIONAL UNIVERSITY COLLEGE, GHANA - MAIN LIBRARY | General Stacks | 13/12/2011 | HB172.5.B381 | 983/11 | 13/12/2011 | 2 | 13/12/2011 | Books | |||||
| Library of Congress Classification | WISCONSIN INTERNATIONAL UNIVERSITY COLLEGE, GHANA - MAIN LIBRARY | WISCONSIN INTERNATIONAL UNIVERSITY COLLEGE, GHANA - MAIN LIBRARY | General Stacks | 13/12/2011 | HB172.5.B382 | 984/11 | 13/12/2011 | 3 | 13/12/2011 | Books |
